Statistics for It's All About New Zealand

Click here to take the quiz!

General Stats

  • This quiz has been taken 3,407 times
    (2,441 since last reset)
  • The average score is 9 of 15

Answer Stats

HintAnswer% Correct
Capital cityWellington
99%
Official language (de facto official language by virtue of widespread use)English
96%
National birdKiwi
94%
Official language # 2Te reo Maori
93%
Major religionChristianity
85%
Monetary unitNew Zealand Dollar
80%
Highest point (3,754 m, 12313 ft)Mount Cook
75%
Internet domain.NZ
75%
Largest lake (606 km, 234 miles)Lake Taupo
62%
Official language # 3New Zealand Sign Language
52%
Longest river (425 km, 264 miles long)Waikato River
48%
International dialling code+64
46%
Largest glacier (29 km, 18 miles long)Tasman Glacier
15%
Deepest lake (462 m, 1515 ft)Lake Hauroko
8%
Deepest cave (889 m, 2916 ft)Nettlebed, Mount Arthur
6%

Score Distribution

Percentile by Number Answered

Percent of People with Each Score

Your Score History

You have not taken this quiz since the last reset